000
00313nam a2200133Ia 4500
100
_a
Shard Chandra
650
_a
General
942
_c
RB
654
_a
Navin Kayde - 2001 (Bhart Shashan)
245
_a
Navin Kayde - 2001 (Bhart Shashan)
260
_b
Navin Kayde Prakashan
300
_a
110
546
_a
ENGLISH
999
_c
20206
_d
20206